00374 a2200109 4500001001000000005001700010008004100027245010100068100002600169773005200195999001700247ART_2651120260410161705.0260409a 10aUna sentencia muy particular sobre tasas aeronáuticas que acrecienta la inseguridad jurídica1 aSpisso, Rodolfo Roque0 tRevista Impuestosg- Nº 24 (dic. 2008)wREV639 c15551d15551